<?xml version="1.0" encoding="UTF-8"?>
<collection xmlns="http://www.loc.gov/MARC21/slim">
    <record>
        <controlfield tag="001">85767</controlfield>
        <controlfield tag="005">20191119144718.0</controlfield>
        <datafield tag="037" ind1=" " ind2=" ">
            <subfield code="a">TAZ-TFG-2019-1336</subfield>
        </datafield>
        <datafield tag="041" ind1=" " ind2=" ">
            <subfield code="a">spa</subfield>
        </datafield>
        <datafield tag="100" ind1="1" ind2=" ">
            <subfield code="a">González Pérez, Sara</subfield>
        </datafield>
        <datafield tag="242" ind1="0" ind2="0">
            <subfield code="a">Financial products in the banking sector: pension system</subfield>
        </datafield>
        <datafield tag="245" ind1="0" ind2="0">
            <subfield code="a">Produtos financieros en el sector bancario: planes de pensiones</subfield>
        </datafield>
        <datafield tag="260" ind1=" " ind2=" ">
            <subfield code="a">Zaragoza</subfield>
            <subfield code="b">Universidad de Zaragoza</subfield>
            <subfield code="c">2019</subfield>
        </datafield>
        <datafield tag="506" ind1=" " ind2=" ">
            <subfield code="a">by-nc-sa</subfield>
            <subfield code="b">Creative Commons</subfield>
            <subfield code="c">3.0</subfield>
            <subfield code="u">http://creativecommons.org/licenses/by-nc-sa/3.0/</subfield>
        </datafield>
        <datafield tag="520" ind1=" " ind2=" ">
            <subfield code="a">El sistema de pensiones es un asunto de máxima actualidad que preocupa a distintas esferas de la sociedad, desde organismos sociales hasta los propios ciudadanos, que son los principales afectados. En España se encuentra implantado el sistema de reparto, en el cual los actuales cotizantes financian las pensiones de los actuales pensionistas. Este sistema de reparto se ve altamente afectado por distintos factores, por lo que, aquellas personas que estudian la viabilidad de este sistema recomiendan e insisten sobre la importancia de invertir en un sistema de pensiones privado que ayude a complementar las pensiones futuras y garantizar un nivel de vida adecuado. Es por ello, que hemos realizado un análisis profundo sobre los sistemas de pensión privados. Dentro de los mismos, hemos visto la evolución de éstos, así como aquellos factores que han podido impulsar o no, su uso. Hablamos de factores como el nivel de aportaciones realizadas a estos planes o la evolución de las comisiones, entre otros. De la misma forma, se puede ver la comparativa en este ámbito entre distintos países a nivel mundial y la importancia que cada país otorga a este problema, existente en todo el mundo.&lt;br /></subfield>
        </datafield>
        <datafield tag="521" ind1=" " ind2=" ">
            <subfield code="a">Graduado en Administración y Dirección de Empresas</subfield>
        </datafield>
        <datafield tag="540" ind1=" " ind2=" ">
            <subfield code="a">Derechos regulados por licencia Creative Commons</subfield>
        </datafield>
        <datafield tag="700" ind1=" " ind2=" ">
            <subfield code="a">Gimeno Díaz, Carlos</subfield>
            <subfield code="e">dir.</subfield>
        </datafield>
        <datafield tag="710" ind1="2" ind2=" ">
            <subfield code="a">Universidad de Zaragoza</subfield>
            <subfield code="b"> </subfield>
            <subfield code="c"></subfield>
        </datafield>
        <datafield tag="856" ind1="0" ind2=" ">
            <subfield code="f">719858@celes.unizar.es</subfield>
        </datafield>
        <datafield tag="856" ind1="4" ind2=" ">
            <subfield code="s">1197522</subfield>
            <subfield code="u">http://zaguan.unizar.es/record/85767/files/TAZ-TFG-2019-1336.pdf</subfield>
            <subfield code="y">Memoria (spa)</subfield>
        </datafield>
        <datafield tag="909" ind1="C" ind2="O">
            <subfield code="o">oai:zaguan.unizar.es:85767</subfield>
            <subfield code="p">driver</subfield>
            <subfield code="p">trabajos-fin-grado</subfield>
        </datafield>
        <datafield tag="950" ind1=" " ind2=" ">
            <subfield code="a"></subfield>
        </datafield>
        <datafield tag="951" ind1=" " ind2=" ">
            <subfield code="a">deposita:2019-11-19</subfield>
        </datafield>
        <datafield tag="980" ind1=" " ind2=" ">
            <subfield code="a">TAZ</subfield>
            <subfield code="b">TFG</subfield>
            <subfield code="c">ECON</subfield>
        </datafield>
        <datafield tag="999" ind1=" " ind2=" ">
            <subfield code="a">20190618114613.CREATION_DATE</subfield>
        </datafield>
    </record>

    
</collection>